000
00289nam a2200133Ia 4500
008
240624s9999 xx 000 0 und d
041
_a
eng
082
_a
828 CHI
100
_a
CHIDIAC DANIEL
245
_a
WHO SAYS YOU CAN T YOU DO
260
_c
2018
300
_a
368 p.
365
_c
RS
999
_c
30905
_d
30905